[Event "Gothenburg Kvibergspelen"]
[Site "Gothenburg"]
[Date "2023.09.15"]
[Round "3"]
[White "Ramsdal, Jens Albert"]
[Black "Ljung, Rickard"]
[Result "1-0"]
[WhiteElo "2391"]
[BlackElo "1924"]
[PlyCount "93"]
[EventDate "2023.09.15"]
[EventType "swiss"]
[EventRounds "8"]
[EventCountry "SWE"]
[SourceTitle "EXT 2024"]
[Source "ChessBase"]
[SourceDate "2023.10.10"]
[SourceVersion "1"]
[SourceVersionDate "2023.10.10"]
[SourceQuality "1"]

1. d4 Nf6 2. c4 d6 3. Nc3 g6 4. e4 Bg7 5. h3 0-0 6. Be3 b6 7. g4 e5 8. d5 Nbd7 9. Nge2 Nc5 10. Ng3 a5 11. Be2 Bd7 12. Qd2 c6 13. Bh6 cxd5 14. cxd5 b5 15. Bxg7 Kxg7 16. f3 b4 17. Nd1 Qb6 18. h4 Na4 19. Qg5 h6 20. Qd2 Qd4 21. Qxd4 exd4 22. g5 Ng8 23. Rc1 Rac8 24. Rxc8 Rxc8 25. Kd2 b3 26. axb3 Nc5 27. Bc4 a4 28. Ne2 axb3 29. Nxd4 Nxe4+ 30. fxe4 Rxc4 31. Kd3 Rb4 32. Nc3 f5 33. Re1 hxg5 34. hxg5 Kf7 35. Rh1 Kg7 36. Ra1 Rb7 37. Ra6 Ne7 38. Rxd6 fxe4+ 39. Nxe4 Bf5 40. Nxf5+ Nxf5 41. Ra6 Rb4 42. Ra7+ Kf8 43. Nf6 Nd6 44. Rd7 Nb5 45. Rb7 Rd4+ 46. Ke3 Rb4 47. d6 1-0

[Event "SWE-ch Blitz"]
[Site "Stockholm"]
[Date "2023.01.01"]
[Round "1"]
[White "Raja, Rithvik R"]
[Black "Ljung, Rickard"]
[Result "1/2-1/2"]
[WhiteElo "2459"]
[BlackElo "1978"]
[PlyCount "48"]
[EventDate "2023.01.01"]
[EventType "swiss (blitz)"]
[EventRounds "13"]
[EventCountry "SWE"]
[SourceTitle "CBM 211 Extra"]
[Source "ChessBase"]
[SourceDate "2023.01.31"]
[SourceVersion "1"]
[SourceVersionDate "2023.01.31"]
[SourceQuality "1"]

1. d4 Nf6 2. c4 d6 3. Nf3 g6 4. g3 Bg7 5. Bg2 0-0 6. Nc3 c6 7. 0-0 Bf5 8. Ne1 e5 9. d5 c5 10. e4 Bg4 11. f3 Bc8 12. Nd3 a6 13. a4 Nbd7 14. f4 exf4 15. Bxf4 Nh5 16. Bxd6 Bd4+ 17. Kh1 Qg5 18. Qf3 f6 19. Bxf8 Nxf8 20. Nf4 Bg4 21. Qd3 Re8 22. Nxh5 gxh5 23. e5 Rxe5 24. Ne4 Qg6 1/2-1/2